|
|
|
|
| LEADER |
00000nab a2200000ua 4500 |
| 001 |
vtls010828340 |
| 003 |
SK-MaSNL |
| 005 |
20260303141000.0 |
| 008 |
230222s1976 xo |||||||||||||||||eng| |
| 035 |
|
|
|a (urnnbn)urn:nbn:sk:snk:ar-a06egj
|
| 035 |
|
|
|a urn:nbn:sk:snk-ab5tyc
|
| 035 |
|
|
|a (uuid)c3e476d6-386e-4caf-81fd-7fc6e408e55b
|
| 040 |
|
|
|a SNKBUCL
|b slo
|c SNKBUCL
|e AACR2
|
| 041 |
0 |
|
|a eng
|
| 044 |
|
|
|a xo
|c SK
|
| 100 |
1 |
|
|a V. A. Alexandrov
|4 aut
|9 1160150
|
| 245 |
1 |
0 |
|a Some Results and Prospects of Transplacental Carcinogenesis Studies
|c V. A. Alexandrov
|
| 773 |
0 |
|
|t Neoplasma : journal of experimental and clinical oncology
|g Roč. 23, č. 3 (1976), s. 285-299
|
| 958 |
|
|
|a OND
|
| 958 |
|
|
|a EUIPO
|
| 958 |
|
|
|a article5
|
| 999 |
|
|
|c 1973621
|d 1975551
|